PRACTICAL APPLICATION OF INTRAVENOUS FLUIDS IN SURGICAL PATIENT (Record no. 6554)

MARC details
000 -LEADER
fixed length control field 00377nam a2200145Ia 4500
008 - FIXED-LENGTH DATA ELEMENTS--GENERAL INFORMATION
fixed length control field 150301s2013 xx 000 0 und d
082 ## - DEWEY DECIMAL CLASSIFICATION NUMBER
Classification number 617
Item number P13K
100 ## - MAIN ENTRY--PERSONAL NAME
Personal name KAMAT, SHAILA S.
245 ## - TITLE STATEMENT
Title PRACTICAL APPLICATION OF INTRAVENOUS FLUIDS IN SURGICAL PATIENT
250 ## - EDITION STATEMENT
Edition statement 1ST
260 ## - PUBLICATION, DISTRIBUTION, ETC. (IMPRINT)
Name of publisher, distributor, etc. JAYPEE
Place of publication, distribution, etc. DELHI
Date of publication, distribution, etc. 2013
300 ## - PHYSICAL DESCRIPTION
Extent 283
650 ## - SUBJECT ADDED ENTRY--TOPICAL TERM
Topical term or geographic name as entry element GENERAL SURGERY
942 ## - ADDED ENTRY ELEMENTS (KOHA)
Source of classification or shelving scheme Dewey Decimal Classification
Koha item type Books
Holdings
Withdrawn status Lost status Source of classification or shelving scheme Damaged status Not for loan Collection code Home library Current library Shelving location Date acquired Source of acquisition Cost, normal purchase price SGTU Bill Number Total Checkouts Full call number Barcode Date last seen Bill Date Koha item type
    Dewey Decimal Classification     MEDICAL SGT Medical Library SGT Medical Library Text Book 02/07/2015 ABC DELHI 695.00 SGTU 4960   617 P13K FM6266 02/07/2015 25/10/2014 Books
    Dewey Decimal Classification     MEDICAL SGT Medical Library SGT Medical Library Text Book 02/07/2015 ABC DELHI 695.00 SGTU 4960   617 P13K FM6267 02/07/2015 25/10/2014 Books
    Dewey Decimal Classification     MEDICAL SGT Medical Library SGT Medical Library Text Book 02/07/2015 ABC DELHI 695.00 SGTU 4960   617 P13K FM6268 02/07/2015 25/10/2014 Books
    Dewey Decimal Classification     MEDICAL SGT Medical Library SGT Medical Library Text Book 02/07/2015 ABC DELHI 695.00 SGTU 4960   617 P13K FM6269 02/07/2015 25/10/2014 Books
    Dewey Decimal Classification     MEDICAL SGT Medical Library SGT Medical Library Text Book 02/07/2015 ABC DELHI 695.00 SGTU 4960   617 P13K FM6270 02/07/2015 25/10/2014 Books